Η εγκληματικότητα των μεταναστών στην Ελλάδα : ζητήματα θεωρίας και αντεγκληματικής πολιτικής

Αποθηκεύτηκε σε:
Λεπτομέρειες βιβλιογραφικής εγγραφής
Κύριος συγγραφέας: Καρύδης, Βασίλης Χ.
Μορφή: Βιβλίο
Γλώσσα:Greek
Δημοσίευση: Αθήνα : Παπαζήσης, 1996
Θέματα:
Ετικέτες: Προσθήκη ετικέτας
Δεν υπάρχουν, Καταχωρήστε ετικέτα πρώτοι!

MARC

LEADER 00000nam a2200000 i 4500
001 1/14104
008 980615s1996 gre d
020 |a 960-02-1189-2 
035 |l 10019294 
040 |a GR-MY-UA  |b gre  |e aacr 
041 0 |a gre 
082 0 |a 364.09495 
100 1 |a Καρύδης, Βασίλης Χ. 
245 1 2 |a Η εγκληματικότητα των μεταναστών στην Ελλάδα :  |b ζητήματα θεωρίας και αντεγκληματικής πολιτικής /  |c Βασίλης Χ. Καρύδης 
260 |a Αθήνα :   |b Παπαζήσης,   |c 1996 
300 |a 249 σ.;  |b πιν., σχ.;  |c 21 εκ. 
504 |a Περιλαμβάνει βιβλιογραφικές αναφορές 
650 0 0 |a Criminology  |z Greece. 
650 0 0 |a Immigrants  |x Legal status, laws, etc. (Canon law)  |z Greece. 
650 0 0 |a Emigration and immigration law  |z Greece. 
650 0 0 |a Albanians  |x Migrations. 
852 |a INST  |b LESVOS  |e 19980615  |h 364.09495 ΚΑΡ  |p 005100014343  |q 005100014343  |t BK  |y 0 
852 |a INST  |b LESVOS  |e 19980615  |h 364.09495 ΚΑΡ  |p 005100014344  |q 005100014344  |t BK  |y 0 
852 |a INST  |b LESVOS  |e 19980615  |h 364.09495 ΚΑΡ  |p 005100014345  |q 005100014345  |t BK  |y 0 
852 |a INST  |b LESVOS  |e 19980615  |h 364.09495 ΚΑΡ  |p 005100014346  |q 005100014346  |t BK  |y 0 
852 |a INST  |b LESVOS  |e 19980624  |h 364.09495 ΚΑΡ  |p 005100014406  |q 005100014406  |t BK  |y 12 
852 |a INST  |b LESVOS  |e 20030129  |h 364.09495 ΚΑΡ  |p 005100024859  |q 005100024859  |t BK  |y 0 
852 |a INST  |b RHODES  |e 20041209  |h 364.09495 ΚΑΡ  |p 005400018162  |q 005400018162  |t BK  |y 0 
901 |a BIBL1-1998-2 
901 |a BIBL4-2005-1 
909 |a Λ  |b 055183 
909 |a Λ  |b 057480 
909 |a Λ  |b 057481 
909 |a Λ  |b 057482 
909 |a Λ  |b 057479 
909 |a Λ  |b 103612 
909 |a Ρ  |b 110272 
920 |a ΦΟΙΤΗΤΙΚΗ ΜΕΡΙΜΝΑ  |y ΛΕΣΒΟΣ  |z 1998-06 
922 |a 1ΕΛΗ  |b 199803  |c ΚΠΣ/ΤΚ  |d EMVASIS 
922 |a 4ΕΛΗ  |b 200412  |c ΒΙΒΛΙΟΘΗΚΗ  |d ΔΕΝΤΡΟ 
950 |a 103-1998-02-03 
950 |a 094 
970 |a ΧΟΡΟΖΙΔΟΥ  |b ΤΖΕΝΗ  |z 2005/02/09